The life of Paul /

Bibliographic Details
Main Author: Robinson, Benjamin Willard, 1883-1942
Format: Book
Language:English
Published: Chicago, Ill. : The University of Chicago press, [1918]
Series:University of Chicago publications in religious education : handbooks of ethics and religion.
Subjects:

MARC

Tag First Indicator Second Indicator Subfields
LEADER 00000cam a2200000 4500
001 in00000058958
005 20151008051010.0
008 730705s1918 eng u
010 |a  18019810  
035 |a (OCoLC)00652095 
035 |9 AAG4894AM 
040 |c KSU  |d TXA  |d UtOrBLW 
049 |a TXAM  |c [14319] 
050 0 0 |a BS2505  |b .R6 
092 |a 227  |b P324rob 
100 1 |a Robinson, Benjamin Willard,  |d 1883-1942. 
245 1 4 |a The life of Paul /  |c by Benjamin Willard Robinson. 
264 1 |a Chicago, Ill. :  |b The University of Chicago press,  |c [1918] 
264 4 |c [©1918] 
300 |a xiii, 250 pages :  |b illustrations ;  |c 20 cm. 
336 |a text  |b txt  |2 rdacontent 
337 |a unmediated  |b n  |2 rdamedia 
338 |a volume  |b nc  |2 rdacarrier 
490 1 |a The University of Chicago publications in religious education : handbooks of ethics and religion 
600 0 0 |a Paul,  |c the Apostle, Saint. 
830 0 |a University of Chicago publications in religious education : handbooks of ethics and religion. 
999 |a MARS 
999 f f |s af90e1ea-7875-3663-8f5b-4a0a641a9460  |i 74ac71d8-5ba3-3f04-87c6-d596f6246ddf  |t 0 
952 f f |p ric  |a Texas A&M University  |b Rellis Campus  |c Joint Library Facility  |d Remote Storage  |t 0  |e BS2505 .R6  |h Library of Congress classification  |i unmediated -- volume  |m A14800604754 
998 f f |a BS2505 .R6  |t 0  |l Remote Storage